000 01073nam a22003137a 4500
001 BR0201644
003 BR-BrBNA
005 20230928101044.0
007 ta
008 230509b bl.||||| |||| 00| 0 por d
040 _aBR-BrBNA
_bpor
_cBiblioteca Nacional de Agricultura
041 _a(Por)
072 _aL74; L73
_b6100
090 _ 6100 BR0201644
100 1 _aGuimarães, E.B.
110 1 _aUniversidade Federal de Minas Gerais, Belo Horizonte (Brasil). Escola de Veterinária
_0Tese (Doutor em Ciências Animal)
245 1 _aHistometria, índice apoptótico da bolsa cloacal e catabolismo de anticorpos em frangos de corte em ambiente de conforto e estresse térmico
260 3 _aBelo Horizonte, MG (Brasil):
_c2001.
300 _a71 p.
500 _aSummaries (Eng, Por); Bibliography p. 62-71; 8 tables; 9 illus.
650 _aFRANGO DE CORTE
650 _aSTRESS
650 _aCONDIÇÃO AMBIENTAL
650 _aBOLSA DE FABRICIUS
650 _aANTICORPO
650 _aDOENÇA ANIMAL
909 _a202309
_bLucia
_c55
_dLucia Elande
942 _cBK
999 _c64055
_d64055